All 10k+ Cities in Madagascar - Statistics

General Stats
  • This quiz has been taken 36 times
  • The average score is 22 of 76
Answers on the Map
Answers color-coded by a green-red scale on the quiz's map according to % correct below.
 
Answer Stats
Regions Population Answer % Correct
Analamanga 1,274,225 Antananarivo
100%
Boeny 246,022 Mahajanga
69%
Vakinankaratra 246,354 Antsirabe
63%
Diana 129,320 Antsiranana
63%
Atsinanana 325,857 Toamasina
63%
Atsimo-Andrefana 168,756 Toliara
63%
Haute Matsiatra 191,776 Fianarantsoa
50%
Menabe 53,510 Morondava
50%
Sava 67,888 Antalaha
44%
Sava 84,039 Sambava
44%
Anosy 67,284 Taolanaro
44%
Alaotra-Mangoro 47,649 Ambatondrazaka
38%
Analanjirofo 26,822 Ambodifototra
38%
Itasy 28,324 Arivonimamo
38%
Itasy 13,109 Miarinarivo
38%
Alaotra-Mangoro 57,084 Moramanga
38%
Bongolava 44,461 Tsiroanomandidy
38%
Diana 60,321 Ambanja
31%
Vakinankaratra 32,291 Ambatolampy
31%
Diana 62,346 Ambilobe
31%
Androy 65,402 Ambovombe
31%
Sofia 38,253 Antsohihy
31%
Ihorombe 39,556 Ihosy
31%
Betsiboka 25,928 Maevatanana
31%
Vatovavy-Fitovinany 44,237 Manakara
31%
Menabe 20,556 Manja
31%
Analanjirofo 42,529 Maroantsetra
31%
Sava 22,047 Vohemar
31%
Haute Matsiatra 43,231 Ambalavao
25%
Amoron'i Mania 41,078 Ambositra
25%
Atsimo-Andrefana 38,000 Ampanihy
25%
Alaotra-Mangoro 33,299 Amparafaravola
25%
Sava 34,616 Andapa
25%
Analamanga 26,845 Ankazobe
25%
Sofia 30,937 Bealanana
25%
Melaky 11,331 Besalampy
25%
Atsimo-Andrefana 25,612 Betioky
25%
Atsinanana 27,865 Brickaville
25%
Atsimo-Atsinanana 34,676 Farafangana
25%
Analanjirofo 41,734 Fenoarivo Atsinanana
25%
Itasy 69,953 Imerintsiatosika
25%
Melaky 22,293 Maintirano
25%
Sofia 28,593 Mampikony
25%
Analanjirofo 35,148 Mananara Avaratra
25%
Vatovavy-Fitovinany 25,222 Mananjary
25%
Analamanga 22,188 Manjakandriana
25%
Boeny 39,290 Marovoay
25%
Menabe 20,421 Miandrivazo
25%
Boeny 14,328 Soalala
25%
Itasy 40,045 Soavinandriana
25%
Betsiboka 24,971 Tsaratanana
25%
Atsinanana 15,836 Vatomandry
25%
Boeny 33,456 Ambatoboeny
19%
Anosy 45,989 Amboasary
19%
Sofia 12,991 Analalava
19%
Alaotra-Mangoro 37,229 Andilamena
19%
Diana 50,251 Andoany
19%
Analamanga 24,117 Anjozorobe
19%
Sofia 17,559 Befandriana-Avaratra
19%
Vakinankaratra 34,336 Betafo
19%
Anosy 17,327 Betroka
19%
Sofia 22,573 Boriziny
19%
Vatovavy-Fitovinany 15,681 Ifanadiana
19%
Vatovavy-Fitovinany 36,684 Ikongo
19%
Atsinanana 37,800 Mahanoro
19%
Sofia 31,135 Mandritsara
19%
Atsimo-Andrefana 22,625 Morombe
19%
Atsimo-Atsinanana 38,537 Vangaindrano
19%
Analanjirofo 35,750 Vavatenina
19%
Vatovavy-Fitovinany 14,751 Vohipeno
19%
Amoron'i Mania 37,409 Ambatofinandrahana
13%
Analamanga 23,760 Ambohidratrimo
13%
Haute Matsiatra 11,606 Ambohimahasoa
13%
Amoron'i Mania 29,232 Fandriana
13%
Menabe 17,731 Mahabo
13%
Androy 20,915 Morafeno Bekily
13%
No matching quizzes found
Score Distribution
Percent of People with Each Score
Percentile by Number Answered
Your Score History
You have not taken this quiz